Estatuto del Consumidor. Una mirada a la Ley 1480 de 2011

Bibliographic Details
Format: eBook
Language:Spanish
Published: Medelln̕: Cm̀ara de Comercio de Medelln̕, 2011
Subjects:
Online Access:Acceso restringido

MARC

LEADER 00000nam a22000007a 4500
005 2014071403493.0
007 cr|||| ||||
008 140714s2011 co |||||s|||| 00||0 spa d
035 |a 12262 
040 |a vLex 
090 |c 5049  |d 5049 
245 0 0 |a Estatuto del Consumidor.  |h [Recurso electrn̤ico] :  |b Una mirada a la Ley 1480 de 2011 
256 |a Servicio en ln̕ea 
260 |a Medelln̕:  |b Cm̀ara de Comercio de Medelln̕,  |c 2011 
300 |a 1 recurso electrn̤ico 
506 1 |a Disponible solo en los productos indicados  |d vLex Global  |d vLex Global (Academic Edition, excluding Law Schools)  |d vLex Global (U.S. Academic Edition, Law Schools)  |d vLex Global (U.S. Academic Edition, excluding Law Schools)  |d vLex Global (Academic Edition, Law Schools) 
650 0 4 |a Derecho Mercantil y de la Empresa  |z Colombia 
740 0 |a vLex Libros (Servicio en ln̕ea) 
856 4 0 |u http://vlex.com/source/estatuto-consumidor-mirada-ley-1480-de-2011-12262  |z Acceso restringido 
942 |c BOOK 
999 0 |a Commercial Law and Business